000 01086cam a22003257a 4500
003 CHAP
005 20220329141806.0
008 971013s1979 r 00010 d
010 _a73883
011 _a74855
035 _a84414
040 _cCHAP
090 _aTesis
100 0 0 _aGarza Arreola, Jesús Rafael.
_947007
245 0 _aEstudio preliminar de los suelos de un ecosistema de halófitas ubicado al sur de Galeana, N.L.
260 _aMonterrey, N.L. :
_bEl autor,
_c1979
300 _a68 h.
502 _aTesis (Ing. Agrónomo Fitotecnista) -- Universidad Autónoma de Nuevo León. Fac. de Agronomía
590 _aALEPH
_b10
_c20130110
_lUCH01
_h1417
590 _aBATCH-UPD
_b10
_c20130110
_lUCH01
_h0738
590 _aBATCH-UPD
_b10
_c20130410
_lUCH01
_h0420
590 _aBATCH-UPD
_b10
_c20130914
_lUCH01
_h1532
590 _aCONVERSION
_b10
_c20130109
_lUCH01
_h1340
650 1 4 _aHalófitas.
_952385
650 1 4 _aSuelos
_xAnálisis.
_9110204
650 1 4 _aSuelos
_xNuevo León.
_9110453
901 _aBK
942 _cTESIS
949 _bBC
_cTES
_d-39745
_eTS1
_i84414
_si
999 _c73883
_d73883